Coming back to life : (Record no. 339944)
[ view plain ]
| 000 -LEADER | |
|---|---|
| fixed length control field | 00752nam a2200277Ia 4500 |
| 008 - FIXED-LENGTH DATA ELEMENTS--GENERAL INFORMATION | |
| fixed length control field | 170711s9999 xx 000 0 und d |
| 020 ## - INTERNATIONAL STANDARD BOOK NUMBER | |
| International Standard Book Number | 345360168 |
| 050 ## - LIBRARY OF CONGRESS CALL NUMBER | |
| Classification number | 236.2 |
| 050 ## - LIBRARY OF CONGRESS CALL NUMBER | |
| Item number | A887 1989 |
| 100 ## - MAIN ENTRY--PERSONAL NAME | |
| Personal name | Atwater, P.M.H. |
| 245 ## - TITLE STATEMENT | |
| Title | Coming back to life : |
| 245 ## - TITLE STATEMENT | |
| Remainder of title | the after-effects of the near-death experience / |
| 245 ## - TITLE STATEMENT | |
| Statement of responsibility, etc | by P.M.H. Atwater. |
| 260 ## - PUBLICATION, DISTRIBUTION, ETC. (IMPRINT) | |
| Place of publication, distribution, etc | USA : |
| 260 ## - PUBLICATION, DISTRIBUTION, ETC. (IMPRINT) | |
| Name of publisher, distributor, etc | Paranormal New Age, |
| 260 ## - PUBLICATION, DISTRIBUTION, ETC. (IMPRINT) | |
| Date of publication, distribution, etc | 1987 |
| 300 ## - PHYSICAL DESCRIPTION | |
| Extent | xix, 262 pages : |
| 300 ## - PHYSICAL DESCRIPTION | |
| Other physical details | illustrations ; |
| 300 ## - PHYSICAL DESCRIPTION | |
| Dimensions | 17cm. |
| 500 ## - GENERAL NOTE | |
| General note | Includes notes and index. |
| 650 ## - SUBJECT ADDED ENTRY--TOPICAL TERM | |
| Topical term or geographic name as entry element | Differential and development psychology. |
| 650 ## - SUBJECT ADDED ENTRY--TOPICAL TERM | |
| Topical term or geographic name as entry element | Eschatology. |
| 650 ## - SUBJECT ADDED ENTRY--TOPICAL TERM | |
| Topical term or geographic name as entry element | Near-death experiences -- |
| 650 ## - SUBJECT ADDED ENTRY--TOPICAL TERM | |
| General subdivision | Psychological aspects. |
| 700 ## - ADDED ENTRY--PERSONAL NAME | |
| Personal name | Title. |
No items available.